| 000 | 00465nam a2200145 4500 | ||
|---|---|---|---|
| 001 | 112495 | ||
| 003 | ES-MaACL | ||
| 007 | t| | ||
| 008 | 061121s1929 sp r ||||1| spa d | ||
| 100 | 1 |
_aMuñoz y Núñez de Prado, Jesús. _984517 |
|
| 245 | 1 | 3 |
_aLa propiedad en la Guinea Española / _cpor Jesús Muñoz y Núñez de Prado. |
| 260 |
_aMadrid : _b[s.n.], _c1929 ( _fImp. de la Ciudad Lineal) |
||
| 300 |
_a351 p. ; _c24 cm. |
||
| 852 |
_aES-MaACL _jB-9199 _bR.18709 |
||
| 999 |
_c112495 _d112495 |
||